Biogeography (Record no. 1033292)

MARC details
000 -LEADER
fixed length control field 00693nam a2200265Ia 4500
003 - CONTROL NUMBER IDENTIFIER
control field OSt
005 - DATE AND TIME OF LATEST TRANSACTION
control field 20221005115042.0
008 - FIXED-LENGTH DATA ELEMENTS--GENERAL INFORMATION
fixed length control field 221004b |||||||| |||| 00| 0 eng d
037 ## - SOURCE OF ACQUISITION
Terms of availability Textual
040 ## - CATALOGING SOURCE
Original cataloging agency CRL
Transcribing agency CRL
Language of cataloging eng
041 ## - LANGUAGE CODE
Source of code eng
Language code of text/sound track or separate title eng
110 ## - MAIN ENTRY--CORPORATE NAME
Corporate name or jurisdiction name as entry element Biogeography. First Word
9 (RLIN) 627033
245 #0 - TITLE STATEMENT
Title Biogeography
260 ## - PUBLICATION, DISTRIBUTION, ETC.
Date of publication, distribution, etc. 1947
490 ## - SERIES STATEMENT
Series statement Extract from Annual biology colloquim. V 8, 1947
650 ## - SUBJECT ADDED ENTRY--TOPICAL TERM
Topical term or geographic name entry element BIOGEOGRAPHY
650 ## - SUBJECT ADDED ENTRY--TOPICAL TERM
Topical term or geographic name entry element GEOGRAPHY
700 ## - ADDED ENTRY--PERSONAL NAME
Personal name Biogeography. First Word
9 (RLIN) 627034
942 ## - ADDED ENTRY ELEMENTS (KOHA)
Classification part U3:71:N5z7, H7
Koha item type Textual
Source of classification or shelving scheme
Holdings
Withdrawn status Lost status Damaged status Not for loan Home library Current library Date acquired Total Checkouts Full call number Barcode Date last seen Price effective from Koha item type
        Central Library Central Library 2022-10-05   U3:71:N5z7 H7 CL0060768 2022-10-05 2022-10-05 Textual
Copyright @ Delhi University Library System